Návrh využitia samoregulačných materiálov na zlepšenie kvality ovzdušia v interiéroch vozidiel

Salvato in:
Dettagli Bibliografici
Autore principale: Poláčková, Natália (Autore)
Altri autori: Lipková, Michala (Relatore della tesi)
Natura: Manoscritto Libro
Lingua:slovacco
Pubblicazione: 2025
Soggetti:
Accesso online:http://is.stuba.sk/zp/portal_zp.pl?podrobnosti=185364
Tags: Aggiungi Tag
Nessun Tag, puoi essere il primo ad aggiungerne!!

MARC

LEADER 00000ntm a22000003a 4500
001 stuzp105061
003 SK-STU
005 20250607211052.8
007 ta
008 150427s2015----xo-----f-mn---000-0-slo-d
040 |a STU  |b slo 
041 0 |a slo 
100 1 |a Poláčková, Natália  |u 059190  |4 aut  |U FAD Fakulta architektúry a dizajnu  |T FAD Ústav dizajnu  |X 103758  |U A9190  |Y 400  |7 103758 
242 0 1 |a Use of Self-Regulating Materials for Air Quality Improvement in Vehicle Interiors Design  |y eng 
245 1 0 |a Návrh využitia samoregulačných materiálov na zlepšenie kvality ovzdušia v interiéroch vozidiel 
260 |c 2025 
650 4 |a activated carbon felt  |2 eng 
650 4 |a Recreus Filaflex Purifier  |2 eng 
650 4 |a purification  |2 eng 
650 4 |a Recreus PLA Purifier  |2 eng 
650 4 |a automotive industry  |2 eng 
650 4 |a mobility  |2 eng 
650 4 |a automobilový priemysel  |2 slo 
650 4 |a Recreus Filaflex Purifier  |2 slo 
650 4 |a plsť s aktívnym uhlím  |2 slo 
650 4 |a Recreus Filaflex Purifier  |2 slo 
650 4 |a Recreus PLA Purifier  |2 slo 
650 4 |a čistenie, vlna  |2 slo 
650 4 |a mobilita  |2 slo 
700 1 |a Lipková, Michala  |u 059190  |k Z1  |4 ths  |U FAD Fakulta architektúry a dizajnu  |T FAD Ústav dizajnu  |X 15371  |U A9190  |Y 400  |7 A000015371 
856 4 |u http://is.stuba.sk/zp/portal_zp.pl?podrobnosti=185364